LEADER 00932nas a2200241 i 4500 001 000000240394 003 CaOOAMICUS 005 20150327000000.0 008 150327b1934 xx uu u0 0lat r 013 $a219299 040 $aSeMil$bita 240 10$aResponsa ad theologicas quaestiones...$0(OLS)http://semarc/title/341922 245 10$a1934. 260 $aMediolani :$bTypis Romuli Ghirlanda,$c1934. 300 $aXXVI, 49, 29 p. ;$c20 cm. 500 $aFondo card. C. M. Martini. 773 0 $tCalendarium Ambrosianum.$dMediolani : Typis Galeatium & filios impressores archiepiscopales, 1800-1969.$w()2075 850 $aSeMil 852 $aSeMil$W1$xVenegono$y1$m203 4 1/135$j190740$B190740$CSeMilBibl$Z2$F201581 $85 941 1 $a4 961 $aLascito: Martini Card. Carlo Maria 996 $6245$a1934$9(OLS)http://semarc/title/221177 996 $6260$aMediolani :$bTypis Romuli Ghirlanda$9(OLS)http://semarc/publisher/40131 LEADER 01295nam a2200313 i 4500 001 000000124359 003 CaOOAMICUS 005 20210806135804.0 008 040401s2004 it u000 u ita u 013 $a97056 020 $a88-7016-510-8 040 $aSeMil$bita 100 1 $aLuther, Martin$b<1483-1545>.$0(OLS)http://semarc/name/305 245 10$aSermoni e scritti sul battesimo :$b1519-1546 /$ca cura di Gino Conte. 264 1$aTorino :$bClaudiana,$c2004. 300 $a416 p., [4] carte di tav. :$bill. ;$c22 cm. 490 0 $aLutero: Opere scelte ;$v10 650 4$aBattesimo - Teologia liturgica.$0(OLS)http://semarc/subject/7031 650 4$aBattesimo - Omelie.$0(OLS)http://semarc/subject/1395 700 1 $aConte, Gino,$d<1931-2006>.$0(OLS)http://semarc/name/15789 830 0$aLutero: Opere scelte ;$v10.$0(OLS)http://semarc/title/565 850 $aSeMil 852 $aSeMil$W1$xVenegono$y1$m2BA F 16$j227757$B78949$CSeMilBibl$Z2$F81542 $81 900 1 $aMartin Lutero. 996 $6020$a88-7016-510-8$9(OLS)http://semarc/number/110130 996 $6245$aSermoni e scritti sul battesimo :$b1519-1546$9(OLS)http://semarc/title/183006 996 $6264$aTorino :$bClaudiana$9(OLS)http://semarc/publisher/29837